Food in Portuguese - Statistics

General Stats
  • This quiz has been taken 29 times
  • The average score is 11 of 16
Answer Stats
Picture Answer % Correct
Arroz
100%
Água
95%
Pizza
95%
Banana
90%
Pão
90%
Queijo
90%
Frango
86%
Maçã
86%
Laranja
76%
Biscoito
57%
Milho
52%
Brigadeiro
48%
Terra
48%
Uvas
48%
Universo
19%
Andrew
5%
No matching quizzes found
Score Distribution
Percent of People with Each Score
Percentile by Number Answered
Your Score History
You have not taken this quiz